000
00250nam a22001217a 4500
008
180922b xxu||||| |||| 00| 0 eng d
041
_a
eng
080
_a
701
100
_a
45
101
_a
ART
245
_a
The Kremlin
_c
Ascher, A
942
_2
udc
_c
BK
999
_c
48256
_d
48256